| 000 | 00812nam a22001577a 4500 | ||
|---|---|---|---|
| 003 | OSt | ||
| 005 | 20150917102046.0 | ||
| 008 | 150917b xxu||||| |||| 00| 0 eng d | ||
| 040 | _cRUA | ||
| 082 | _aAGR TUO 2004 B030 Or.1 | ||
| 100 |
_9646 _aTUOTH, DANY. |
||
| 245 | _aresponse of maize to n, p , k fertilizer application on sandy soil of basic lowlands rice (ការឆ្លើយតបនៃដំណាំពោតទៅនឹងការប្រើប្រាស់ជីអាសូត ផូស្វ័រ និងប៉ូតាស្យូម នៅលើដីខ្សាច់ខ្សត់ជីជាតិនៃតំបន់ទំនាបដាំស្រូវជាមូលដ្ឋាន ) | ||
| 260 |
_aPhnom Penh _bRUA _c2004 |
||
| 300 |
_a56p. _bill. _c29cm. |
||
| 942 |
_2ddc _cAGR |
||
| 999 |
_c618 _d618 |
||